000
00307nam a2200121Ia 4500
008
190216s9999||||xx |||||||||||||| ||und||
100
_a
Joan Robinson & John Eatwell
245
0
_a
Introduction To Modern Economics
260
_b
Poorna Pubs Kozhikode
300
_a
349p
650
_a
Commerce
942
_c
BK
999
_c
9414
_d
9414